Current English-Malayalam dictionary (Record no. 62849)

MARC details
000 -LEADER
fixed length control field 00598cam a22002171 4500
001 - CONTROL NUMBER
control field sa 65002849
003 - CONTROL NUMBER IDENTIFIER
control field DLC
005 - DATE AND TIME OF LATEST TRANSACTION
control field 20260227112119.0
008 - FIXED-LENGTH DATA ELEMENTS--GENERAL INFORMATION
fixed length control field 890918s1964 ii d 000 0 malo
010 ## - LIBRARY OF CONGRESS CONTROL NUMBER
LC control number sa 65002849
035 ## - SYSTEM CONTROL NUMBER
System control number (OCoLC)20364329
040 ## - CATALOGING SOURCE
Original cataloging agency DLC
Transcribing agency WaU
Modifying agency DLC
041 0# - LANGUAGE CODE
Language code of text/sound track or separate title maleng
042 ## - AUTHENTICATION CODE
Authentication code premarc
050 00 - LIBRARY OF CONGRESS CALL NUMBER
Classification number PL4716
Item number .G4
100 1# - MAIN ENTRY--PERSONAL NAME
Personal name George, Manakkunnel.
245 10 - TITLE STATEMENT
Title Current English-Malayalam dictionary
Statement of responsibility, etc. compiled by M.A. George.
260 ## - PUBLICATION, DISTRIBUTION, ETC.
Place of publication, distribution, etc. Trichur,
Name of publisher, distributor, etc. Current Books
Date of publication, distribution, etc. [1964]
300 ## - PHYSICAL DESCRIPTION
Extent 492 p.
Dimensions 19 cm.
650 #0 - SUBJECT ADDED ENTRY--TOPICAL TERM
Topical term or geographic name entry element English language
General subdivision Dictionaries
-- Malayalam.

No items available.

Powered by Koha